[Event "NED-chT 1011"]
[Site "Netherlands"]
[Date "2011.02.12"]
[Round "6.1"]
[White "Saltaev, Mihail"]
[Black "Fridman, Rafael"]
[Result "1/2-1/2"]
[WhiteElo "2485"]
[BlackElo "2486"]
[PlyCount "50"]
[EventDate "2010.09.25"]
[EventType "team"]
[EventRounds "9"]
[EventCountry "NED"]
[SourceTitle "EXT 2012"]
[Source "ChessBase"]
[SourceDate "2011.11.24"]
[SourceVersion "1"]
[SourceVersionDate "2011.11.24"]
[SourceQuality "1"]
[WhiteTeam "Voerendaal"]
[BlackTeam "Enschede Braceland"]
[WhiteTeamCountry "NED"]
[BlackTeamCountry "NED"]

1. e4 e5 2. Nf3 Nf6 3. Nxe5 d6 4. Nf3 Nxe4 5. Qe2 Qe7 6. d3 Nf6 7. Bg5 Qxe2+ 8. Bxe2 Be7 9. Nc3 c6 10. 0-0-0 Na6 11. h3 0-0 12. Rhe1 Nc7 13. Bf1 Ne6 14. Bh4 d5 15. Nd4 g6 16. Nce2 Nxd4 17. Nxd4 Bd8 18. Re2 Bd7 19. Rde1 Re8 20. Nf3 Rxe2 21. Rxe2 Nh5 22. Bxd8 Rxd8 23. d4 f6 24. c3 Kf7 25. g3 Ng7 1/2-1/2